000 00603nam a22002057a 4500
005 20251108165803.0
008 250721s1981 xx 000 0 ara d
082 1 4 _aط/534/بار
100 1 _aباركر، برتاموريس
245 1 0 _aالصوت /
250 _aط5
264 1 _aالقاهرة :
_bدار المعارف،
_c1981.
300 _a34ص : مص
490 0 _aمجموعةالكتب العلمية المبسطة ؛ 10
650 1 7 _aالصوت
700 1 _aسعيد، صلاح الدين
_eترجمة
700 1 _aرياض، إدوار
942 _2ddc
_cBK
999 _c31289
_d31289